Breaching the citadel; (Record no. 193346)

MARC details
000 -LEADER
fixed length control field 00641nam a22001937a 4500
005 - DATE AND TIME OF LATEST TRANSACTION
control field 20221025142523.0
010 ## - LCCN (DPL NO)
LC control number ENG-135516
020 ## - INTERNATIONAL STANDARD BOOK NUMBER
Terms of availability 850.00
International Standard Book Number 9789384757786
035 ## - SYSTEM CONTROL NUMBER
System control number EN-119048
037 ## - SOURCE OF ACQUISITION
Source of stock number/acquisition DBAD/PUB
082 ## - DEWEY DECIMAL CLASSIFICATION NUMBER
Classification number 364.1530954
245 ## - TITLE STATEMENT
Title Breaching the citadel;
Remainder of title The india papers 1/
Statement of responsibility, etc editied by urvashi butalia [and] laxmi murthy
260 ## - PUBLICATION, DISTRIBUTION, ETC. (IMPRINT)
Place of publication, distribution, etc New delhi
Date of publication, distribution, etc 2018
Name of publisher, distributor, etc Zubaan
270 ## - ADDRESS
Address 128 B shahpur jat, 1st floor
City New delhi
Postal code 110049
Electronic mail address contact@zubaanbooks.com
300 ## - PHYSICAL DESCRIPTION
Extent 530p.
Dimensions 22cm(hbk)
700 ## - ADDED ENTRY--PERSONAL NAME
Personal name Butalia, urvashi
Relator term editor
700 ## - ADDED ENTRY--PERSONAL NAME
Personal name Murthy, laxmi
Relator term editor
942 ## - ADDED ENTRY ELEMENTS (KOHA)
Source of classification or shelving scheme Dewey Decimal Classification
Item type English Books
Call number suffix BRE
Classification part 364.1530954
Holdings
Withdrawn status Lost status Not for loan Collection code Home library Current library Date acquired Source of acquisition Cost, normal purchase price Full call number Barcode Copy number Cost, replacement price Koha item type
      Non-fiction Andrews Gunj Andrews Gunj 25/10/2022 DBAD/PUB 850.00 364.1530954 BRE EN-119048 1 850.00 English Books

© Delhi Public Library
Hit Counter
free hit counter